LEADER 01517nam a2200349 a 4500 001 000000165947 003 CaOOAMICUS 005 20180214112635.0 008 180214s2017 it u000 u ita r 020 $a978-88-14-221125* 032 $aLibriCat 040 $aPUL$bita 082 04$a348.45 110 1 $aItalia.$0(OLS)http://pul/name/1188 245 10$aCodice dell'unione civile e delle convivenze /$ca cura di Michele Sesta ; con il coordinamento di Maria Novella Bugetti. 260 $aMilano :$bGiuffrè,$c©2017. 300 $aXXVIII, 2436 p. ;$c25 cm. 490 1 $aLe fonti del diritto italiano 500 $aInclude indici. 650 4$aConvivenza$xLegislazione.$0(OLS)http://pul/subject/43575 650 4$aUnioni civili$xLegislazione.$0(OLS)http://pul/subject/43576 700 1 $aBugetti, Maria Novella.$0(OLS)http://pul/name/75822 700 1 $aSesta, Michele.$0(OLS)http://pul/name/39038 830 3$aLe fonti del diritto italiano.$0(OLS)http://pul/title/104091 850 $aPUL 852 $aPUL$W1$xSL Diritto e Scienze Sociali 3$y79$m348. 45 COD 5.29$j190433$qDDC 21$B193332$CPULBib$Z2$F193332 $H130615 $81 941 1 $a9 996 $6020$a978-88-14-221125*$9(OLS)http://pul/number/163504 996 $6082$a348.45$9(OLS)http://pul/classification/373 996 $6245$aCodice dell'unione civile e delle convivenze$9(OLS)http://pul/title/205654 996 $6260$aMilano :$bGiuffrè$9(OLS)http://pul/publisher/48401 LEADER 01460nam a2200301 a 4500 001 000000156775 003 CaOOAMICUS 005 20161128122226.0 008 161128s1958 it u000 u lat r 032 $aLibriCat 040 $aPUL$bita 100 1 $aLee, Angelus,$cO.F.M.$0(OLS)http://pul/name/99990 245 10$aDe clero locali in missionibus :$bstudium historico-juridicum /$cP. Angelus Lee O.F.M. 260 $aNeapoli :$b[s.n.],$c1958. 300 $aXIV, 151 p. ;$c24 cm. 502 $aTesi -- Pontificium Athenaeum Antonianum. Facultas Juris Canonici. 1958. 504 $aBibliografia in nota. 650 04$aMissioni cattoliche.$0(OLS)http://pul/subject/7697 710 2 $aPontificio Ateneo Antoniano.$bFacoltà di Diritto Canonico.$kTesi.$0(OLS)http://pul/name/99826 850 $aPUL 852 $aPUL$W1$xDP1 Tesi Pon. At. Antonianum$y30$mTH ANT IUS49$j180058$qTesi$B183181$CPULBib$Z2$F183181 $H19785 $82 910 $aPontificia Università Antonianum.$bFacoltà di diritto canonico.$kTesi$999826 910 $aPontificia Università Antonianum.$bFacoltà di diritto canonico.$kTesi$999826 910 $aPontificium Athenaeum Antonianum.$bFacultas Iuris Canonici$kTesi$999826 941 1 $a16 996 $6245$aDe clero locali in missionibus :$bstudium historico-juridicum$9(OLS)http://pul/title/196383 996 $6260$aNeapoli :$b[s.n.]$9(OLS)http://pul/publisher/50744